ბათუმის შოთა რუსთაველის სახელმწიფო უნივერსიტეტის ბიბლიოთეკა

ღვაწლი და წამება აბოსი და იოანესი (ბიბ.ჩანაწერი № 48696)

000 -LEADER
fixed length control field 00868nam a2200229Ia 4500
001 - CONTROL NUMBER
control field 15596
003 - CONTROL NUMBER IDENTIFIER
control field GE_BSU
008 - FIXED-LENGTH DATA ELEMENTS--GENERAL INFORMATION
fixed length control field 181216s||||||||xx |||||||||||||| ||und||
040 ## - CATALOGING SOURCE
Transcribing agency GE_BSU
080 ## - UNIVERSAL DECIMAL CLASSIFICATION NUMBER
Universal Decimal Classification number 821.353.1-32
100 ## - MAIN ENTRY--PERSONAL NAME
Personal name წულეისკირი, ნოდარ
245 ## - TITLE STATEMENT
Title ღვაწლი და წამება აბოსი და იოანესი
245 ## - TITLE STATEMENT
Remainder of title ისტორიული მოთხრობა
245 ## - TITLE STATEMENT
Statement of responsibility, etc. რედ.ლ.თურმანიძე. მხატვ. სპ.ცინცაძე
260 ## - PUBLICATION, DISTRIBUTION, ETC.
Place of publication, distribution, etc. თბილისი
260 ## - PUBLICATION, DISTRIBUTION, ETC.
Name of publisher, distributor, etc. მერანი
260 ## - PUBLICATION, DISTRIBUTION, ETC.
Date of publication, distribution, etc. 1981
300 ## - PHYSICAL DESCRIPTION
Extent 319გვ. ; 20სმ.
653 ## - INDEX TERM--UNCONTROLLED
Uncontrolled term ისტორიული მოთხრობა
653 ## - INDEX TERM--UNCONTROLLED
Uncontrolled term ღვაწლი და წამება აბოსი და იოანესი
942 ## - ADDED ENTRY ELEMENTS (KOHA)
Koha item type წიგნი
ეგზემპლარები
Withdrawn status Lost status Damaged status Not for loan Date acquired Barcode Date last seen Price effective from Koha item type Public note
        2018-12-17 38925 2018-12-17 2018-12-17 წიგნი  
        2018-12-17 38926 2018-12-17 2018-12-17 წიგნი  
        2018-12-17 38927 2018-12-17 2018-12-17 წიგნი 7ლ.